John F. Kennedy's Life, His Presidency, and His Family (Difficult) - Statistics

General Stats
  • This quiz has been taken 543 times
    465 since last reset
  • The average score is 14 of 22
Answer Stats
Hint Answer % Correct
In which city was JFK shot? Dallas, Texas
96%
From which university did JFK graduate? Harvard University
92%
Who did JFK defeat in the 1960 presidential election? Richard Nixon
92%
In which cemetery is JFK buried? Arlington National Cemetery
87%
Older brother who was killed in WW II Joseph Kennedy Jr.
86%
JFK's daughter who served as ambassador to Japan Caroline Schlossberg
79%
Surgical operation performed on JFK's sister, Rosemary Lobotomy
76%
Maiden name of JFK’s wife Bouvier
75%
JFK’s nickname Jack
75%
JFK's Attorney General Robert Kennedy
75%
JFK’s newborn son who died in 1963 Patrick Bouvier Kennedy
68%
What percentage of his salary did JFK keep while president? 0% (He donated it all to charity)
67%
Mother's maiden name Rose Fitzgerald
67%
Actor/politician and former son-in-law of JFK’s sister, Eunice Arnold Schwarzenegger
58%
“Rat Pack” actor married to JFK’s sister, Patricia Peter Lawford
52%
JFK's WW II boat that was sunk by a Japanese destroyer PT 109
50%
In which village is the Kennedy Compound located? Hyannis Port, Massachusetts
49%
JFK’s Secretary of Defense Robert S. McNamara
38%
JFK’s father had an affair with this Hollywood film star Gloria Swanson
27%
British husband of JFK’s sister, Kathleen William Cavendish, Marquess of Hartington
23%
JFK's Secretary of State Dean Rusk
21%
The Kennedy family was from which Irish county? Wexford
15%
No matching quizzes found
Score Distribution
Percent of People with Each Score
Percentile by Number Answered
Your Score History
You have not taken this quiz since the last reset